<?xml version="1.0" encoding="UTF-8"?>
<record
    xmlns:xsi="http://www.w3.org/2001/XMLSchema-instance"
    xsi:schemaLocation="http://www.loc.gov/MARC21/slim http://www.loc.gov/standards/marcxml/schema/MARC21slim.xsd"
    xmlns="http://www.loc.gov/MARC21/slim">

  <leader>08392aam a2200541 i 4500</leader>
  <controlfield tag="001">59634</controlfield>
  <controlfield tag="003">CO-BoRNBP</controlfield>
  <controlfield tag="005">20251024202335.0</controlfield>
  <controlfield tag="007">ta</controlfield>
  <controlfield tag="008">230827s2021    ck ado frf    000 0 spa d</controlfield>
  <datafield tag="020" ind1=" " ind2=" ">
    <subfield code="a">9789587404852</subfield>
    <subfield code="q">impreso</subfield>
  </datafield>
  <datafield tag="020" ind1=" " ind2=" ">
    <subfield code="a">9587404858</subfield>
    <subfield code="q">impreso</subfield>
  </datafield>
  <datafield tag="040" ind1=" " ind2=" ">
    <subfield code="a">CO-BoUNC</subfield>
    <subfield code="b">spa</subfield>
    <subfield code="e">rda</subfield>
    <subfield code="c">CO-BoUNC</subfield>
  </datafield>
  <datafield tag="043" ind1=" " ind2=" ">
    <subfield code="a">s-ck---</subfield>
  </datafield>
  <datafield tag="082" ind1="0" ind2="4">
    <subfield code="a">638.109861</subfield>
    <subfield code="b">V335co</subfield>
    <subfield code="2">23</subfield>
  </datafield>
  <datafield tag="100" ind1="1" ind2=" ">
    <subfield code="a">V&#xFFFD;squez Romero, Rodrigo Efr&#xFFFD;n</subfield>
    <subfield code="e">autor</subfield>
    <subfield code="9">66127</subfield>
  </datafield>
  <datafield tag="245" ind1="1" ind2="0">
    <subfield code="a">Conceptos fundamentales de producci&#xFFFD;n ap&#xFFFD;cola /</subfield>
    <subfield code="c">Rodrigo Efr&#xFFFD;n V&#xFFFD;squez Romero [y otros tres].</subfield>
  </datafield>
  <datafield tag="250" ind1=" " ind2=" ">
    <subfield code="a">2a. edici&#xFFFD;n</subfield>
  </datafield>
  <datafield tag="264" ind1=" " ind2="1">
    <subfield code="a">Mosquera :</subfield>
    <subfield code="b">Corporaci&#xFFFD;n Colombiana de Investigaci&#xFFFD;n Agropecuaria. AGROSAVIA. Centro de Investigaci&#xFFFD;n Tibaitat&#xFFFD;</subfield>
    <subfield code="b">Editorial AGROSAVIA,</subfield>
    <subfield code="c">2021.</subfield>
  </datafield>
  <datafield tag="300" ind1=" " ind2=" ">
    <subfield code="a">177 p&#xFFFD;ginas :</subfield>
    <subfield code="b">ilustraciones a color, diagramas, fotograf&#xFFFD;as ;</subfield>
    <subfield code="c">24 cm.</subfield>
  </datafield>
  <datafield tag="336" ind1=" " ind2=" ">
    <subfield code="a">texto</subfield>
    <subfield code="b">txt</subfield>
    <subfield code="2">rdacontent</subfield>
  </datafield>
  <datafield tag="337" ind1=" " ind2=" ">
    <subfield code="a">sin mediaci&#xFFFD;n</subfield>
    <subfield code="b">n</subfield>
    <subfield code="2">rdamedia</subfield>
  </datafield>
  <datafield tag="338" ind1=" " ind2=" ">
    <subfield code="a">volumen</subfield>
    <subfield code="b">nc</subfield>
    <subfield code="2">rdacarrier</subfield>
  </datafield>
  <datafield tag="490" ind1="1" ind2=" ">
    <subfield code="a">Colecci&#xFFFD;n Transformaci&#xFFFD;n del Agro</subfield>
  </datafield>
  <datafield tag="500" ind1=" " ind2=" ">
    <subfield code="a">Incluye perfil acad&#xFFFD;mico de los autores (p&#xFFFD;ginas 17-18)</subfield>
  </datafield>
  <datafield tag="504" ind1=" " ind2=" ">
    <subfield code="a">Bibliograf&#xFFFD;a : p&#xFFFD;ginas 175-177</subfield>
  </datafield>
  <datafield tag="505" ind1="0" ind2=" ">
    <subfield code="a">Cap&#xFFFD;tulo I. Apicultura en Colombia ; 1.1 Introducci&#xFFFD;n ; 1.2 Desarrollo de la apicultura en Colombia ; 1.3 Mercado nacional ; 1.4 Mercado internacional ; 1.5 Productos de la colmena -- Cap&#xFFFD;tulo II. Miembros de la colmena (castas) ; 2.1 Introducci&#xFFFD;n ; 2.2 Taxonom&#xFFFD;a de la abeja ; 2.3 Biolog&#xFFFD;a de la abeja ; 2.4 Miembros de la colonia y su funci&#xFFFD;n -- Cap&#xFFFD;tulo III. La colmena, su instalaci&#xFFFD;n y el manejo del apiario ; 3.1 Introducci&#xFFFD;n ; 3.2 Componentes para el sistema de producci&#xFFFD;n ap&#xFFFD;cola ; 3.3 La colmena y sus partes ; 3.4 Montaje de un apiario ; 3.5 &#xFFFD;rea de pecoreo de las abejas ; 3.6 Balance de materia de una colmena ; 3.7 Equipo de protecci&#xFFFD;n y manejo ; 3.8 Pr&#xFFFD;cticas de manejo ; 3.9 Maneras de iniciar un apiario -- Cap&#xFFFD;tulo IV. Manejo de la colmena para la producci&#xFFFD;n de miel ; 4.1 Introducci&#xFFFD;n ; 4.2 Evaluaci&#xFFFD;n de la colmena para la producci&#xFFFD;n de miel ; 4.3 Conformaci&#xFFFD;n de la unidad productiva: la colmena ; 4.4 Equipo requerido ; 4.5 Empaques para el envasado de la miel ; 4.6 Proceso de beneficio de la miel ; 4.7 Caracter&#xFFFD;sticas de calidad en la miel ; 4.8 Defectos sensoriales en la miel ; 4.9 Beneficios de la miel para la salud humana.</subfield>
  </datafield>
  <datafield tag="505" ind1="0" ind2=" ">
    <subfield code="a">-- Cap&#xFFFD;tulo V. Manejo de la colmena para la producci&#xFFFD;n de polen ; 5.1 Introducci&#xFFFD;n ; 5.2 Recolecci&#xFFFD;n ; 5.3 Composici&#xFFFD;n ; 5.4 Evaluaci&#xFFFD;n de la colmena para la producci&#xFFFD;n de polen ; 5.5 Conformaci&#xFFFD;n de la colmena para la producci&#xFFFD;n de polen ; 5.6 Equipos requeridos ; 5.7 Proceso de beneficio del polen ; 5.8 Caracter&#xFFFD;sticas de calidad en el polen ; 5.9 Defectos sensoriales del polen ; 5.10 Beneficios del polen para la salud humana -- Cap&#xFFFD;tulo VI. Manejo de la colmena para la producci&#xFFFD;n de cera ; 6.1 Introducci&#xFFFD;n ; 6.2 Evaluaci&#xFFFD;n de la colmena para producci&#xFFFD;n de cera ; 6.3 Obtenci&#xFFFD;n de la cera ; 6.4 M&#xFFFD;todos de extracci&#xFFFD;n de cera ; 6.5 Uso de la cera ; 6.6 Uso de la cera en la colmena ; 6.7 Modo de colocaci&#xFFFD;n de la cera en los cuadros ; 6.8 Proceso de beneficio de la cera de abejas ; 6.9 Beneficios de la cera para la salud humana -- Cap&#xFFFD;tulo VII. Manejo de la colmena para la producci&#xFFFD;n de reinas y jalea real ; 7.1 Introducci&#xFFFD;n ; 7.2 Preparaci&#xFFFD;n de la colmena para producci&#xFFFD;n de jalea real y cr&#xFFFD;a de reinas ; 7.3 Equipo requerido para la producci&#xFFFD;n de jalea real ; 7.4 Preparaci&#xFFFD;n de la jalea real ; 7.5 Proceso a seguir para la producci&#xFFFD;n de reinas ; 7.6 Proceso de producci&#xFFFD;n de reinas y jalea real ; 7.7 Beneficios de la jalea real en la salud humana -- Cap&#xFFFD;tulo VIII. Manejo de la colmena para la producci&#xFFFD;n de prop&#xFFFD;leos ; 8.1 Introducci&#xFFFD;n ; 8.2 Propiedades ; 8.3 M&#xFFFD;todos de recolecci&#xFFFD;n de los prop&#xFFFD;leos llevados a cabo por los apicultores ; 8.4 Contaminaciones y alteraciones del prop&#xFFFD;leo ; 8.5 Calidad en el almacenamiento del prop&#xFFFD;leo ; 8.6 Usos del prop&#xFFFD;leo ; 8.7 Elaboraci&#xFFFD;n de extracto de prop&#xFFFD;leos ; 8.8 Productos con prop&#xFFFD;leo ; 8.9 Beneficios de los prop&#xFFFD;leos para la salud humana.</subfield>
  </datafield>
  <datafield tag="505" ind1="0" ind2=" ">
    <subfield code="a">-- Cap&#xFFFD;tulo IX. Manejo de la colmena para la producci&#xFFFD;n de apitoxina ; 9.1 Introducci&#xFFFD;n ; 9.2 M&#xFFFD;todos de obtenci&#xFFFD;n de la apitoxina ; 9.3 Equipo necesario para la estimulaci&#xFFFD;n y la obtenci&#xFFFD;n de la apitoxina ; 9.4 Recolecci&#xFFFD;n y beneficio de la apitoxina ; 9.5 Usos terap&#xFFFD;uticos de la apitoxina ; 9.6 Efectos secundarios y seguridad del paciente ; 9.7 Beneficios de la apitoxina para la salud humana -- Cap&#xFFFD;tulo X. Manejo de la colmena para la polinizaci&#xFFFD;n dirigida ; 10.1 Introducci&#xFFFD;n ; 10.2 La polinizaci&#xFFFD;n dirigida con abejas A. mellifera y su manejo ; 10.3 Manejo de colmenas para polinizar cultivos ; 10.4 Manejo de las colmenas en polinizaci&#xFFFD;n ; 10.5 Resultados de investigaciones sobre polinizaci&#xFFFD;n en diversos cultivos ; 10.6 Impactos de la polinizaci&#xFFFD;n en cultivos transitorios y permanentes -- Cap&#xFFFD;tulo XI. Contribuci&#xFFFD;n de AGROSAVIA al desarrollo ap&#xFFFD;cola ; 11.1 Introducci&#xFFFD;n ; 11.2 Ofertas tecnol&#xFFFD;gicas ; 11.3 Proyectos de investigaci&#xFFFD;n ; 11.4 Participaci&#xFFFD;n en la Cadena Productiva de las Abejas y la Apicultura (CPAA) ; 11.5 Proyectos de Ley relacionados con apicultura ; 11.6 Innovaci&#xFFFD;n de equipos ; 11.7 Laboratorio de gen&#xFFFD;tica molecular: implementaci&#xFFFD;n de t&#xFFFD;cnicas de diagn&#xFFFD;stico molecular para enfermedades de inter&#xFFFD;s ; 11.8 Vitrinas tecnol&#xFFFD;gicas ap&#xFFFD;colas ; 11.9 Publicaciones -- Cap&#xFFFD;tulo XII. An&#xFFFD;lisis de factibilidad para el desarrollo de un modelo de producci&#xFFFD;n ap&#xFFFD;cola ; 12.1 Introducci&#xFFFD;n ; 12.2 Modelo para un sistema de producci&#xFFFD;n ap&#xFFFD;cola de miel y polen ; 12.3 Estudio de mercado ; 12.4 An&#xFFFD;lisis econ&#xFFFD;mico ; 12.5 Ejercicios econ&#xFFFD;mico ; 12.6 Recomendaciones -- Referencias.</subfield>
  </datafield>
  <datafield tag="520" ind1="3" ind2=" ">
    <subfield code="a">Actualmente las abejas son un reconocido factor relevante para la agrobiodiversidad, pues su funci&#xFFFD;n como polinizadoras es clave para la producci&#xFFFD;n agr&#xFFFD;cola, la seguridad y la soberan&#xFFFD;a alimentaria. Adem&#xFFFD;s, revisten importancia econ&#xFFFD;mica por los productos que se pueden obtener de la colmena (polen, prop&#xFFFD;leos, jalea real, cera, apitoxina, etc.) y por el material biol&#xFFFD;gico (reinas, n&#xFFFD;cleos y paquetes). Colombia es privilegiado en t&#xFFFD;rminos de recursos naturales como la flora ap&#xFFFD;cola, visitada por las abejas para la obtenci&#xFFFD;n de n&#xFFFD;ctar y polen, y dicha disponibilidad aporta caracter&#xFFFD;sticas especiales de color, aroma y sabor a los productos de la colmena con potencial para contar con denominaciones de origen. La apicultura o cr&#xFFFD;a de abejas Apis mellifera es una actividad que puede ser desarrollada a peque&#xFFFD;a, mediana o gran escala, aprovechando la mano de obra familiar o generando empleo, con lo cual abre oportunidades para la obtenci&#xFFFD;n de ingresos y la mejora en la calidad de vida de los apicultores. Esta publicaci&#xFFFD;n recopila los conocimientos necesarios para iniciar y poner en marcha un negocio ap&#xFFFD;cola, considerando desde la biolog&#xFFFD;a de la especie y la instalaci&#xFFFD;n de apiarios, hasta los datos sobre mercados y la estimaci&#xFFFD;n de costos de producci&#xFFFD;n, conocimientos que han sido acumulados a trav&#xFFFD;s de a&#xFFFD;os de investigaci&#xFFFD;n y experiencia con las Vitrinas Ap&#xFFFD;colas de AGROSAVIA.-- Contracubierta</subfield>
  </datafield>
  <datafield tag="650" ind1="1" ind2="7">
    <subfield code="a">Apicultura</subfield>
    <subfield code="x">Investigaciones</subfield>
    <subfield code="z">Colombia</subfield>
    <subfield code="2">LEMB</subfield>
    <subfield code="9">66128</subfield>
  </datafield>
  <datafield tag="650" ind1="1" ind2="7">
    <subfield code="a">Abeja mel&#xFFFD;fera</subfield>
    <subfield code="x">Producci&#xFFFD;n</subfield>
    <subfield code="v">Manuales</subfield>
    <subfield code="2">LEMB</subfield>
    <subfield code="9">66129</subfield>
  </datafield>
  <datafield tag="650" ind1="1" ind2="7">
    <subfield code="a">Polinizaci&#xFFFD;n</subfield>
    <subfield code="2">AGROVOC</subfield>
    <subfield code="9">66130</subfield>
  </datafield>
  <datafield tag="650" ind1="1" ind2="7">
    <subfield code="a">Productos de la colmena</subfield>
    <subfield code="2">AGROVOC</subfield>
    <subfield code="9">64907</subfield>
  </datafield>
  <datafield tag="650" ind1="1" ind2="7">
    <subfield code="a">Gesti&#xFFFD;n de las colmenas</subfield>
    <subfield code="2">AGROVOC</subfield>
    <subfield code="9">66131</subfield>
  </datafield>
  <datafield tag="650" ind1="1" ind2="7">
    <subfield code="a">Industria ap&#xFFFD;cola</subfield>
    <subfield code="2">BNE</subfield>
    <subfield code="9">66132</subfield>
  </datafield>
  <datafield tag="650" ind1="1" ind2="7">
    <subfield code="a">Productos ap&#xFFFD;colas</subfield>
    <subfield code="2">BNE</subfield>
    <subfield code="9">66133</subfield>
  </datafield>
  <datafield tag="650" ind1="1" ind2="7">
    <subfield code="a">Costos de producci&#xFFFD;n</subfield>
    <subfield code="2">AGROVOC</subfield>
    <subfield code="9">66134</subfield>
  </datafield>
  <datafield tag="650" ind1="1" ind2="7">
    <subfield code="a">Estudios de factibilidad</subfield>
    <subfield code="2">AGROVOC</subfield>
    <subfield code="9">66135</subfield>
  </datafield>
  <datafield tag="651" ind1=" " ind2="7">
    <subfield code="a">Colombia</subfield>
    <subfield code="x">Investigaciones</subfield>
    <subfield code="9">66136</subfield>
  </datafield>
  <datafield tag="655" ind1=" " ind2="7">
    <subfield code="a">Manuales</subfield>
    <subfield code="2">LEMB</subfield>
    <subfield code="9">66137</subfield>
  </datafield>
  <datafield tag="700" ind1="1" ind2=" ">
    <subfield code="a">Mart&#xFFFD;nez Sarmiento, Rodrigo Alfredo</subfield>
    <subfield code="e">autor</subfield>
    <subfield code="9">66138</subfield>
  </datafield>
  <datafield tag="700" ind1="1" ind2=" ">
    <subfield code="a">Ortega Fl&#xFFFD;rez, Nelly Carolina</subfield>
    <subfield code="e">autor</subfield>
    <subfield code="9">66139</subfield>
  </datafield>
  <datafield tag="700" ind1="1" ind2=" ">
    <subfield code="a">Maldonado Quintero, William Dayam</subfield>
    <subfield code="e">autor</subfield>
    <subfield code="9">66140</subfield>
  </datafield>
  <datafield tag="830" ind1=" " ind2="0">
    <subfield code="a">Colecci&#xFFFD;n Transformaci&#xFFFD;n del agro (Editorial Agrosavia)</subfield>
    <subfield code="9">66141</subfield>
  </datafield>
  <datafield tag="856" ind1="4" ind2="1">
    <subfield code="u">https://repository.agrosavia.co/bitstream/handle/20.500.12324/36591/Ver_documento_36591.pdf?sequence=5&amp;isAllowed=y</subfield>
    <subfield code="z">Acceso en l&#xFFFD;nea (texto completo)</subfield>
  </datafield>
  <datafield tag="942" ind1=" " ind2=" ">
    <subfield code="2">ddc</subfield>
    <subfield code="c">BK</subfield>
  </datafield>
  <datafield tag="999" ind1=" " ind2=" ">
    <subfield code="c">59634</subfield>
    <subfield code="d">59634</subfield>
  </datafield>
  <datafield tag="952" ind1=" " ind2=" ">
    <subfield code="0">0</subfield>
    <subfield code="1">0</subfield>
    <subfield code="2">ddc</subfield>
    <subfield code="4">0</subfield>
    <subfield code="7">0</subfield>
    <subfield code="8">GEN</subfield>
    <subfield code="a">MELEJANI</subfield>
    <subfield code="b">MELEJANI</subfield>
    <subfield code="c">GEN</subfield>
    <subfield code="d">2025-10-24</subfield>
    <subfield code="l">0</subfield>
    <subfield code="o">638.109861 V335co</subfield>
    <subfield code="p">LEJ01064</subfield>
    <subfield code="r">2025-10-24 20:23:52</subfield>
    <subfield code="t">Ej.1</subfield>
    <subfield code="w">2025-10-24</subfield>
    <subfield code="y">BK</subfield>
  </datafield>
</record>
